[Event "SRB-ch Semifinal 2022"]
[Site "Paracin"]
[Date "2022.03.17"]
[Round "1.8"]
[White "Zivkovic, Nemanja"]
[Black "Radisavljevic, Dalibor"]
[Result "1-0"]
[WhiteElo "2380"]
[BlackElo "2150"]
[Annotator "ChessBase"]
[PlyCount "113"]
[EventDate "2022.03.17"]
[EventType "swiss"]
[EventCountry "SRB"]
[SourceTitle "playchess.com"]
[Source "ChessBase"]
[SourceQuality "1"]
[TimeControl "40/5400+30:1800+30"]

1. e4 {[%emt 0:00:03]} c5 {[%emt 0:00:16]} 2. Nf3 {[%emt 0:00:40]} Nc6 {[%emt 1:31:14]} 3. Bb5 {[%emt 0:07:11]} g6 {[%emt 0:00:00]} 4. O-O {[%emt 0:00:50]} Bg7 {[%emt 0:01:00]} 5. Re1 {[%emt 0:04:23]} Nf6 {[%emt 0:00:00]} 6. c3 {[%emt 0:04:30]} O-O {[%emt 0:00:00]} 7. h3 {[%emt 0:04:50]} d5 {[%emt 0:00:00]} 8. e5 {[%emt 0:02:08]} Ne8 {[%emt 0:00:00]} 9. d4 {[%emt 0:00:41]} cxd4 {[%emt 0:00:00]} 10. cxd4 {[%emt 0:00:03]} Nc7 {[%emt 0:03:00]} 11. Bxc6 {[%emt 0:05:50]} bxc6 {[%emt 0:00:00]} 12. Nc3 {[%emt 0:00:22]} f6 {[%emt 0:01:00]} 13. Na4 {[%emt 0:14:02]} fxe5 {[%emt 0:00:30]} 14. Nxe5 {[%emt 0:06:16]} Qd6 {[%emt 0:00:00]} 15. Be3 {[%emt 0:46:11]} Ne6 {[%emt 0:00:00]} 16. Rc1 {[%emt 0:00:00]} Bd7 {[%emt 0:00:00]} 17. Nc5 {[%emt 0:00:00]} Nxc5 {[%emt 0:00:00]} 18. Rxc5 {[%emt 0:01:30]} Rf5 {[%emt 0:00:00]} 19. b4 {[%emt 0:00:00]} Bxe5 {[%emt 0:00:00]} 20. dxe5 {[%emt 0:00:00]} Rxe5 {[%emt 0:00:00]} 21. Bd4 {[%emt 0:00:00]} Rxe1+ {[%emt 0:00:00]} 22. Qxe1 {[%emt 0:00:00]} Bf5 {[%emt 0:00:00]} 23. Be5 {[%emt 0:00:00]} Qd7 {[%emt 0:00:00]} 24. Qc3 {[%emt 0:00:00]} Rd8 {[%emt 0:00:00]} 25. Qd4 {[%emt 0:00:00]} Qe6 {[%emt 0:00:25]} 26. Rc3 {[%emt 0:00:00]} g5 {[%emt 0:02:14]} 27. Re3 {[%emt 0:00:00]} Rd7 {[%emt 0:01:11]} 28. g4 {[%emt 0:01:00]} Bg6 {[%emt 0:00:21]} 29. Kg2 {[%emt 0:00:17]} Be4+ {[%emt 0:01:23]} 30. f3 {[%emt 0:00:01]} Bg6 {[%emt 0:00:43]} 31. Rc3 {[%emt 0:01:54]} Rb7 {[%emt 0:00:22]} 32. Re3 {[%emt 0:00:59]} a6 {[%emt 0:00:28]} 33. a3 {[%emt 0:00:34]} Rb5 {[%emt 0:01:50]} 34. Bh8 {[%emt 0:01:38]} Qf7 {[%emt 0:00:24]} 35. Rc3 {[%emt 0:00:09]} h5 {[%emt 0:01:04]} 36. Rxc6 {[%emt 0:00:18]} hxg4 {[%emt 0:00:09]} 37. hxg4 {[%emt 0:00:04]} Rb8 {[%emt 0:00:51]} 38. Be5 {[%emt 0:00:11]} Ra8 {[%emt 0:00:29]} 39. Qe3 {[%emt 0:00:12]} Qe8 {[%emt 0:00:34]} 40. Rc1 {[%emt 0:00:50]} Rc8 {[%emt 0:00:29]} 41. Rh1 {[%emt 0:30:02]} Rc2+ {[%emt 0:30:29]} 42. Kg3 {[%emt 0:00:02]} Qb5 {[%emt 0:00:00]} 43. Qxg5 {[%emt 0:00:00]} Kf7 {[%emt 0:00:00]} 44. Bd4 {[%emt 0:00:00]} Re2 {[%emt 0:00:00]} 45. Rh6 {[%emt 0:00:00]} Qb8+ {[%emt 0:00:00]} 46. f4 {[%emt 0:00:00]} Qd6 {[%emt 0:00:00]} 47. Be5 {[%emt 0:00:00]} Qb6 {[%emt 0:00:00]} 48. Qf5+ {[%emt 0:00:00]} Bxf5 {[%emt 0:00:00]} 49. Rxb6 {[%emt 0:00:00]} Bd3 {[%emt 0:00:00]} 50. a4 {[%emt 0:00:24]} Ra2 {[%emt 0:00:50]} 51. Rb7 {[%emt 0:01:17]} Ke6 {[%emt 0:02:50]} 52. Bd4 {[%emt 0:00:20]} Rxa4 {[%emt 0:01:23]} 53. Bc5 {[%emt 0:00:52]} Be4 {[%emt 0:00:41]} 54. f5+ {[%emt 0:00:56]} Kf7 {[%emt 0:00:48]} 55. Rxe7+ {[%emt 0:00:18]} Kg8 {[%emt 0:00:01]} 56. Kf4 {[%emt 0:00:33]} a5 {[%emt 0:00:50]} 57. Ra7 {[%emt 0:00:28]} 1-0

[Event "SRB-ch Semifinal 2022"]
[Site "Paracin"]
[Date "2022.03.17"]
[Round "1.9"]
[White "Nikolic, Zoran S"]
[Black "Djordjevic, Vuk"]
[Result "0-1"]
[WhiteElo "2087"]
[BlackElo "2382"]
[Annotator "ChessBase"]
[PlyCount "104"]
[EventDate "2022.03.17"]
[EventType "swiss"]
[EventCountry "SRB"]
[SourceTitle "playchess.com"]
[Source "ChessBase"]
[SourceQuality "1"]
[TimeControl "40/5400+30:1800+30"]

1. d4 {[%emt 0:00:04]} Nf6 {[%emt 0:00:17]} 2. Nf3 {[%emt 0:00:12]} e6 {[%emt 0:00:26]} 3. c4 {[%emt 0:00:20]} b6 {[%emt 0:00:33]} 4. Nc3 {[%emt 0:00:39]} Bb7 {[%emt 0:00:17]} 5. e3 {[%emt 0:01:07]} Bb4 {[%emt 0:05:58]} 6. Bd2 {[%emt 0:00:30]} O-O {[%emt 0:00:53]} 7. Bd3 {[%emt 0:00:37]} d5 {[%emt 0:00:57]} 8. O-O {[%emt 0:00:27]} dxc4 {[%emt 0:05:20]} 9. Bxc4 {[%emt 0:00:58]} Nbd7 {[%emt 0:03:28]} 10. a3 {[%emt 0:02:10]} Bd6 {[%emt 0:02:05]} 11. Nb5 {[%emt 0:04:43]} Be7 {[%emt 0:01:06]} 12. Bb4 {[%emt 0:04:28]} Bxb4 {[%emt 0:04:56]} 13. axb4 {[%emt 0:00:02]} a6 {[%emt 0:00:56]} 14. Nc3 {[%emt 0:00:17]} b5 {[%emt 0:12:12]} 15. Bd3 {[%emt 0:00:28]} Qe7 {[%emt 0:19:56]} 16. Qb3 {[%emt 0:09:29]} Rfd8 {[%emt 0:10:22]} 17. e4 {[%emt 0:01:04]} e5 {[%emt 0:00:53]} 18. d5 {[%emt 0:04:06]} c6 {[%emt 0:01:19]} 19. Rfe1 {[%emt 0:05:42]} Rac8 {[%emt 0:05:04]} 20. Rad1 {[%emt 0:05:11]} Nb6 {[%emt 0:04:28]} 21. dxc6 {[%emt 0:02:23]} Bxc6 {[%emt 0:02:03]} 22. Bc2 {[%emt 0:07:12]} Nc4 {[%emt 0:00:52]} 23. Rxd8+ {[%emt 0:03:10]} Rxd8 {[%emt 0:00:11]} 24. Na4 {[%emt 0:02:33]} Nd7 {[%emt 0:05:51]} 25. Rd1 {[%emt 0:05:06]} Rc8 {[%emt 0:02:07]} 26. Nc3 {[%emt 0:06:21]} Ndb6 {[%emt 0:01:13]} 27. Nd5 {[%emt 0:01:23]} Bxd5 {[%emt 0:01:38]} 28. exd5 {[%emt 0:00:03]} g6 {[%emt 0:02:25]} 29. Nd2 {[%emt 0:10:01]} Nxd5 {[%emt 0:02:12]} 30. Nxc4 {[%emt 0:00:41]} bxc4 {[%emt 0:00:14]} 31. Qa4 {[%emt 0:02:49]} Nxb4 {[%emt 0:00:44]} 32. Be4 {[%emt 0:01:23]} Qc5 {[%emt 0:00:43]} 33. Bb7 {[%emt 0:01:30]} Rb8 {[%emt 0:01:27]} 34. Qd7 {[%emt 0:01:34]} Qb5 {[%emt 0:01:30]} 35. Be4 {[%emt 0:06:29]} Qxd7 {[%emt 0:00:39]} 36. Rxd7 {[%emt 0:00:07]} Rb5 {[%emt 0:01:24]} 37. Rc7 {[%emt 0:00:49]} Ra5 {[%emt 0:01:26]} 38. g4 {[%emt 0:00:12]} Nd3 {[%emt 0:00:48]} 39. Rxc4 {[%emt 0:00:40]} Nxb2 {[%emt 0:00:17]} 40. Rb4 {[%emt 0:00:31]} Na4 {[%emt 0:00:39]} 41. g5 {[%emt 0:31:27]} Nc5 {[%emt 0:30:33]} 42. Bd5 {[%emt 0:00:21]} Nd3 {[%emt 0:00:00]} 43. Rb8+ {[%emt 0:00:00]} Kg7 {[%emt 0:00:00]} 44. Bc4 {[%emt 0:00:00]} e4 {[%emt 0:00:00]} 45. h4 {[%emt 0:00:00]} Ra4 {[%emt 0:00:00]} 46. Bd5 {[%emt 0:00:00]} Rd4 {[%emt 0:03:08]} 47. Ba2 {[%emt 0:00:00]} Nc1 {[%emt 0:00:00]} 48. Bb1 {[%emt 0:00:00]} Ne2+ {[%emt 0:00:00]} 49. Kg2 {[%emt 0:00:00]} Nc3 {[%emt 0:00:00]} 50. Bc2 {[%emt 0:00:00]} e3 {[%emt 0:00:00]} 51. Bb3 {[%emt 0:00:00]} e2 {[%emt 0:00:00]} 52. Re8 {[%emt 0:00:00]} Re4 {[%emt 0:00:00]} 0-1

[Event "SRB-ch Semifinal 2022"]
[Site "Paracin"]
[Date "2022.03.17"]
[Round "1.10"]
[White "Arsovic, Zoran"]
[Black "Ciric, Pavle"]
[Result "1/2-1/2"]
[WhiteElo "2360"]
[BlackElo "2097"]
[Annotator "TA"]
[PlyCount "70"]
[EventDate "2022.03.17"]
[EventType "swiss"]
[EventCountry "SRB"]
[SourceTitle "playchess.com"]
[Source "ChessBase"]
[SourceQuality "1"]

{[%evp 14,70,9,23,22,20,13,14,14,13,4,12,18,0,0,0,0,0,0,0,0,0,56,25,25,0,32,40,70,0,51,46,45,41,79,75,74,73,81,65,83,83,83,83,84,79,84,77,85,39,41,0,0,0,0,0,0,0,0]} 1. Nf3 d5 2. g3 c5 3. Bg2 Nf6 4. O-O e6 5. c4 d4 6. e3 Nc6 7. exd4 cxd4 8. d3 Bd6 {A13: English Opening: 1...e6.} 9. Bg5 h6 10. Bxf6 Qxf6 11. Nbd2 Qe7 12. a3 a5 $1 {Prevents b4.} 13. Ne1 O-O 14. Nc2 e5 15. Re1 {[#]} Qc7 $146 ({Predecessor:} 15... Be6 16. Rb1 Rfe8 17. b4 axb4 18. axb4 Qc7 19. c5 Bf8 20. Nc4 Bxc4 21. dxc4 Qd7 {1-0 (36) Adly,A (2626)-Khademalsharieh,S (2424) Dubai 2018}) 16. Rb1 b6 17. b4 {Strongly threatening b5.} Bb7 (17... Rb8 $11) 18. Ne4 (18. c5 $5 bxc5 19. b5 $14) 18... Be7 19. Rb2 a4 20. b5 Na5 21. g4 (21. Nd2 $14) 21... f5 (21... Ra7 $11) 22. gxf5 $14 Rxf5 23. Nb4 {aiming for Ng3. Pair of Knights!} Nb3 {[#]} 24. Nd5 $1 Bxd5 {[#]} 25. Nf6+ $1 Rxf6 26. Bxd5+ Kh8 27. Bxa8 Bxa3 ({Weaker is} 27... Rg6+ 28. Kh1) 28. Rxb3 axb3 29. Qxb3 Bd6 {[%cal Oe5e4]} 30. Be4 Qf7 31. Re2 ({White should play} 31. Qa2 $16) 31... Qh5 32. Ra2 (32. Qc2 $1 $14) 32... Qg5+ $11 {The position is equal.} 33. Kh1 {[%cal Bg1h1,Bh1g2,Bg2f1][%mdl 32]} Qc1+ 34. Kg2 Qg5+ $1 35. Kf1 Qc1+ $1 {Weighted Error Value: White=0.09 (flawless) /Black=0.14 (very precise)} 1/2-1/2

[Event "SRB-ch Semifinal 2022"]
[Site "Paracin"]
[Date "2022.03.18"]
[Round "2.1"]
[White "Todorovic, Nenad I"]
[Black "Cabarkapa, Novak"]
[Result "1-0"]
[WhiteElo "2311"]
[BlackElo "2483"]
[Annotator "TA"]
[PlyCount "141"]
[EventDate "2022.03.17"]
[EventType "swiss"]
[EventCountry "SRB"]
[SourceTitle "playchess.com"]
[Source "ChessBase"]
[SourceQuality "1"]

{[%evp 22,141,-10,0,11,13,13,14,16,20,22,-29,0,0,0,-5,33,32,45,31,46,0,0,0,0,0,0,0,0,0,12,12,0,0,5,0,2,0,0,-14,-26,-52,-42,-45,0,-8,-8,-34,0,0,0,-9,-2,-37,-21,-20,-33,-177,-8,-18,0,0,63,43,85,46,46,50,72,68,99,55,56,65,66,16,28,15,15,15,15,0,0,0,-3,-58,-7,-8,0,0,0,0,0,0,0,0,0,0,0,0,0,0,0,0,3,3,2,0,0,0,0,0,0,0,0,0,0,0,3,8,29981,29982]} 1. e4 e5 2. Nf3 Nc6 3. Bb5 a6 4. Ba4 Nf6 5. d4 exd4 6. O-O Be7 7. e5 Ne4 8. Nxd4 O-O 9. Nf5 d5 10. Bxc6 bxc6 11. Nxe7+ Qxe7 12. Re1 Bf5 {C84: Closed Ruy Lopez: Unusual White 6th moves.} ({Much less strong is} 12... Qxe5 13. f3 $16) 13. f3 Nc5 {[%cal Be4c5,Bc5e6,Be6f4,Bf4e2][%mdl 32]} ({Weaker is} 13... Qxe5 14. fxe4 Rfe8 15. c3 $18) 14. b3 {aiming for Ba3.} Ne6 {The position is equal.} 15. Ba3 {Prevents Qc5+.} c5 16. Qxd5 (16. Nc3 $142 $1) 16... Rfd8 (16... Qh4 {seems wilder.} 17. Nc3 Rfd8 18. Qc4 Qd4+ 19. Kh1 Bxc2 20. Nd5 Rxd5 21. Qxc2 Rxe5 22. Bb2 Rxe1+ 23. Rxe1 Qd7) 17. Qc4 Rd4 18. Qe2 Nf4 19. Qf2 {[%cal Of2d4] [#]} Rad8 $146 ({Predecessor:} 19... Rd5 20. Nc3 Rxe5 21. Ne4 Bxe4 22. fxe4 Ne6 23. Bb2 Nd4 24. c3 Nb5 25. c4 Nd4 {1-0 (32) Vicioso Sanchez,M-Valade,P UECC email 1999}) 20. Bc1 $1 Qg5 21. Qg3 (21. Be3 $14) 21... Qxg3 $11 22. hxg3 Ne2+ 23. Kf2 Nxc1 24. Rxc1 Rd1 25. Na3 ({Don't blunder} 25. Rxd1 $2 Rxd1 26. c3 Rxb1 $19) 25... R8d2+ 26. Ke3 Rxc1 27. Rxc1 Rxg2 {[%mdl 4096] Endgame KRB-KRN} 28. g4 Be6 29. Rd1 {[%cal Rd1d8]} g6 30. Kf4 h6 31. Rh1 Kg7 32. Ke3 {Inhibits Re2+.} Bd5 {[%cal Og2g4]} 33. Rd1 Bc6 34. Kf4 h5 35. gxh5 gxh5 36. Rh1 Kh6 37. Rh3 Bd7 38. Rh1 Be6 39. Ke3 {[#]} (39. Nc4 $15) 39... Rg5 $2 (39... Kg5 $1 $19 {And now ...h4 would win.} 40. Nc4 Rxc2) 40. Ke4 $1 c6 41. Nc4 f6 (41... Bd5+ $11 42. Kf4 Bxc4 43. bxc4 Kg6) 42. exf6 $14 {Ne5 is the strong threat.} Kg6 (42... Bd5+ $14 {deserves consideration.} 43. Kf4 Bxc4 44. bxc4 Kg6) 43. Ne3 Kxf6 44. c4 {Strongly threatening f4.} Bf7 45. Rd1 Ke6 {[#] Prevents Rd6+.} 46. Kf4 ({White should play} 46. f4 $1 $16 {[%cal Rf4g5]} Rg3 47. f5+ Ke7 48. Rh1) 46... Re5 47. Rd8 h4 48. Rc8 {White is more active.} ({Better is} 48. Ra8 $14) 48... Rh5 $11 49. Rxc6+ Kd7 50. Rf6 h3 $1 51. Nf5 h2 52. Ng3 Ke7 53. Rf5 (53. Rxa6 $11 h1=Q 54. Nxh1 Rh4+ 55. Ke5 Rh5+ 56. Ke4 Rxh1 57. Ra7+ Kf6 58. Ra6+ Ke7 59. Rc6) 53... Rh4+ (53... Rxf5+ $1 $15 54. Kxf5 a5) 54. Ke3 h1=Q 55. Nxh1 Rxh1 56. Rxc5 {KRB-KR} Kd7 57. f4 Rh6 58. f5 Kd6 59. Ra5 Kc7 60. Re5 {Threatens to win with Re7+.} Kd6 {Prevents Re7.} 61. Ra5 Kc7 62. Kd4 Kb6 63. Re5 Rd6+ 64. Kc3 {Intending c5+ and mate.} Rh6 65. Re7 Rf6 66. Re5 Rh6 67. Kb4 Rf6 68. Kc3 Rh6 69. Kd4 Rd6+ 70. Ke3 {Black must now prevent c5+.} a5 $2 {[%mdl 8192]} (70... Rd8 $11) 71. c5+ {Weighted Error Value: White=0.17 (very precise) /Black=0.17 (very precise)} 1-0

[Event "SRB-ch Semifinal 2022"]
[Site "Paracin"]
[Date "2022.03.18"]
[Round "2.2"]
[White "Zajic, Milan"]
[Black "Todorovic, Goran M"]
[Result "1-0"]
[WhiteElo "2450"]
[BlackElo "2336"]
[Annotator "TA"]
[PlyCount "63"]
[EventDate "2022.03.17"]
[EventType "swiss"]
[EventCountry "SRB"]
[SourceTitle "playchess.com"]
[Source "ChessBase"]
[SourceQuality "1"]

{[%evp 13,62,38,37,31,39,35,41,53,43,38,39,37,43,38,76,81,95,81,68,67,71,56,89,22,142,84,129,0,145,0,121,0,137,0,126,124,164,18,18,19,26,17,14,29,18,19,18,34,27,14,29999]} 1. e4 e5 2. Nf3 Nc6 3. Bb5 a6 4. Ba4 Nf6 5. Bxc6 bxc6 6. O-O d6 {[%cal Bd7d6,Bd6d5][%mdl 32]} 7. d4 Nxe4 8. Qe2 {C79: Ruy Lopez: Steinitz-type lines with 3...a6 4 Ba4 Nf6 5 0-0 d6.} f5 9. dxe5 d5 {Prevents Qc4.} 10. Rd1 {White is slightly better.} (10. c4 {is interesting.} Be7 11. Nd4 Bc5 12. Rd1 O-O 13. Nc3) 10... Bc5 11. Be3 Bxe3 $1 12. Qxe3 {[%cal Oc2c4]} O-O 13. c4 {[#]} Qe8 $146 ({Predecessor:} 13... Rb8 14. b3 f4 15. Qd4 Be6 16. Nc3 Nxc3 17. Qxc3 Qe8 18. Re1 dxc4 19. bxc4 c5 {1-0 (50) El Taher,F (2375)-Maynard,F (2320) Novi Sad 1990}) 14. cxd5 cxd5 15. Rxd5 Rb8 16. Qe2 Rb6 17. Nc3 Bb7 $1 {...Nxc3 is the strong threat.} 18. Rdd1 (18. Rd3 $16) 18... Qh5 (18... Nxc3 $11 {remains equal.} 19. bxc3 Re6) 19. Nd4 ({White should try} 19. Rac1) 19... Qh4 (19... Qxe2 $142 20. Ncxe2 c5) 20. Nf3 Qh5 21. Nd4 Qh4 (21... Qxe2 22. Ncxe2 c5 23. Nb3 $14) 22. Nf3 Qh5 23. Nd4 {[%cal Bf3d4,Bd4b3,Bb3c5][%mdl 32]} Qh4 (23... Qxe2 24. Ncxe2 c5 25. Nb3 $14) 24. Nxe4 fxe4 {[#]} 25. e6 ({Only move:} 25. Rac1 $1 $18) 25... c5 $11 26. Nb3 $36 {[%mdl 2048] White has some pressure.} Rxe6 27. Nxc5 Rh6 28. h3 Bc8 {[%cal Oc8h3] Hoping for ...Bxh3!} 29. Nd7 Rg6 $1 {And now ...Bxd7 would win.} 30. Qc4+ ({But not} 30. Nxf8 $2 Rxg2+ 31. Kf1 (31. Kxg2 Bxh3+ 32. Kh2 Bf1+ 33. Kg1 Bxe2 34. Ne6 Qg4+ 35. Kh2 Bf3 36. Rd8+ Kf7) 31... Bxh3 $19) 30... Kh8 31. Qc5 {[%cal Rc5f8] Chess con chili. Active counter play!} (31. Nxf8 $2 {[#] perishes.} Rxg2+ $3 {[%mdl 512]} 32. Kxg2 Bxh3+ 33. Kh2 Bf1+ 34. Kg1 Bxc4 $19) 31... Kg8 {[%mdl 8192]} 32. Qxf8# {Weighted Error Value: White=0.42/Black=0.35} 1-0

[Event "SRB-ch Semifinal 2022"]
[Site "Paracin"]
[Date "2022.03.18"]
[Round "2.3"]
[White "Rabrenovic, Vladan"]
[Black "Ratkovic, Milovan"]
[Result "1/2-1/2"]
[WhiteElo "2299"]
[BlackElo "2440"]
[Annotator "TA"]
[PlyCount "23"]
[EventDate "2022.03.17"]
[EventType "swiss"]
[EventCountry "SRB"]
[SourceTitle "playchess.com"]
[Source "ChessBase"]
[SourceQuality "1"]

{[%evp 9,23,0,1,1,11,-2,8,10,20,0,5,0,22,7,0,0]} 1. d4 d5 2. Bf4 c5 3. e3 cxd4 4. exd4 Nc6 5. c3 Bf5 {The position is equal.} 6. Nf3 {B13: Caro-Kann: Exchange Variation and Panov-Botvinnik Attack.} e6 7. Bd3 Bg6 8. O-O Nf6 9. h3 Bd6 10. Bxd6 Qxd6 11. Re1 {[#]} Bxd3 $146 ({Predecessor:} 11... Ne4 12. Qe2 O-O 13. Nbd2 Nxd2 14. Nxd2 Rab8 15. a4 Rbe8 16. Bxg6 hxg6 17. Qd3 e5 18. dxe5 Nxe5 {1-0 (38) Geller,J (2526)-Yuffa,D (2527) Moscow 2017}) 12. Qxd3 {Not much happened in this game.  Weighted Error Value: White=0.08 (flawless) /Black=0.03 (flawless)} 1/2-1/2

[Event "SRB-ch Semifinal 2022"]
[Site "Paracin"]
[Date "2022.03.18"]
[Round "2.4"]
[White "Martic, Ivan"]
[Black "Radovanovic, Nikola"]
[Result "1/2-1/2"]
[WhiteElo "2287"]
[BlackElo "2413"]
[Annotator "TA"]
[PlyCount "34"]
[EventDate "2022.03.17"]
[EventType "swiss"]
[EventCountry "SRB"]
[SourceTitle "playchess.com"]
[Source "ChessBase"]
[SourceQuality "1"]

{[%evp 9,34,0,14,-11,-10,-10,-8,-18,-17,-14,-12,-23,-18,-17,-6,-26,-27,-17,-15,-26,1,-27,-22,-44,0,-30,-14]} 1. d4 Nf6 2. Nf3 e6 3. Bf4 d5 4. e3 c5 5. c3 Bd6 6. Bg3 {D02: 1 d4 d5 2 Nf3 sidelines, including 2...Nf6 3 g3 and 2...Nf6 3 Bf4.} O-O 7. Nbd2 Qc7 8. Bb5 {The position is equal.} a6 {[#] Hoping for ...Bxg3.} 9. Bd3 {[#]} Nbd7 $146 ({Predecessor:} 9... b5 10. Qe2 c4 11. Bc2 Bb7 12. e4 dxe4 13. Nxe4 Nxe4 14. Bxe4 Ra7 15. Ng5 Bxe4 16. Qxe4 {1-0 (22) Tokman,A (2316)-Bongo Akanga Ndjila,B (1803) Chess.com INT 2021}) 10. b4 b6 {[%cal Bb7b6,Bb6c5,Bc5c4][%mdl 32]} 11. bxc5 bxc5 12. O-O Bxg3 13. hxg3 c4 14. Bc2 Qa5 15. Qc1 g6 16. Nb1 Ne4 (16... Bb7 $15 {might be stronger.}) 17. a4 (17. Bxe4 $5 dxe4 18. Nfd2 $11) 17... Bb7 {Weighted Error Value: White=0.14 (very precise) /Black=0.08 (flawless)} (17... Nxc3 $2 18. Qe1 $18) 1/2-1/2

[Event "SRB-ch Semifinal 2022"]
[Site "Paracin"]
[Date "2022.03.18"]
[Round "2.5"]
[White "Perunovic, Miodrag"]
[Black "Ivanovic, Marko"]
[Result "0-1"]
[WhiteElo "2413"]
[BlackElo "2302"]
[Annotator "TA"]
[PlyCount "92"]
[EventDate "2022.03.17"]
[EventType "swiss"]
[EventCountry "SRB"]
[SourceTitle "playchess.com"]
[Source "ChessBase"]
[SourceQuality "1"]

{[%evp 9,92,22,19,14,16,29,29,0,58,16,32,0,0,0,22,23,107,0,0,0,0,0,28,-40,-43,-42,-37,-37,-18,-45,-39,-55,-55,-55,-50,-81,-72,-87,-97,-89,0,-99,-96,-190,-197,-188,-166,-184,-85,-135,-126,-119,-63,-233,-226,-213,-201,-398,-398,-391,-350,-533,-435,-662,-635,-657,-660,-616,-601,-1189,-1189,-12805,-12802,-12797,-4702,-12805,-4921,-29978,-29979,-29994,-29995,-29995,-29996,-29996,-29997]} 1. e4 e5 2. Bc4 Nf6 3. d3 c6 4. Nf3 d5 5. Bb3 Bb4+ 6. Bd2 {C24: Bishop's Opening: 2...Nf6.} Bxd2+ 7. Qxd2 a5 {White must now prevent ...a4.} 8. a3 {White has an edge. is recently more successful than 8.a4.} ({Don't blunder} 8. Nxe5 $2 a4 9. Bxd5 cxd5 10. exd5 Nxd5 $19) 8... Nbd7 (8... a4 $11 9. Ba2 O-O) 9. Nc3 (9. exd5 $14 cxd5 10. Nc3) 9... dxe4 10. Nxe4 Nxe4 11. dxe4 {[#]} O-O $146 ({Predecessor:} 11... Qe7 12. O-O-O O-O 13. Qd6 Re8 14. Ba2 h6 15. Qxe7 Rxe7 16. Nh4 Nf6 17. Rd8+ Kh7 {1-0 (31) Mamedov,R (2645)-Maurizzi,M (2415) Batumi 2019}) 12. O-O-O {[%cal Of3e5] And now Nxe5! would win.} Qb6 (12... Qe7 $11) 13. Qe3 ({White should play} 13. Ba2 $1 $16) 13... Qxe3+ $11 14. fxe3 h6 15. Rhf1 Re8 {[#]} 16. Nh4 (16. Ng5 $1 $11 hxg5 17. Bxf7+ Kf8 18. Bxe8+ Kxe8 19. Rf5) 16... Nf6 $15 17. Nf5 {[%cal Of5h6]} Bxf5 18. exf5 a4 19. Ba2 Kf8 20. h3 h5 21. Rg1 Rad8 22. g4 Rxd1+ 23. Kxd1 hxg4 24. hxg4 $17 {[%mdl 4096] Endgame KRB-KRN} Rd8+ (24... Ne4 $17) 25. Ke2 (25. Ke1 $1 $11 {keeps the balance.}) 25... Ne4 {Hoping for ...Rd2+.} 26. Kf3 (26. Rd1 $17 {is a better defense.} Rxd1 27. Kxd1) 26... Ng5+ $19 27. Ke2 Ke7 $1 28. Rh1 b5 (28... e4 $1 $19 {Strongly threatening ...Nf3.} 29. Bb1 Nf3) 29. c3 (29. c4 $142) 29... e4 {Threatens to win with ...Nf3.} 30. Bb1 {[%cal Oc3c4]} Kf6 (30... c5 $1 $17) 31. Rh5 $2 {This costs White the game.} (31. c4 $15) 31... c5 $1 {[%cal Bc6c5,Bc5c4][%mdl 32]} 32. Bc2 c4 33. Bb1 $2 {[#]} (33. Rh1) 33... g6 $1 34. fxg6 fxg6 35. Rh6 {[#]} (35. Rh1 {keeps fighting.} Ke5 36. Bc2) 35... Ke5 $1 36. Rxg6 (36. Rh1 $142 Nf3 37. Rd1 Rxd1 38. Kxd1) 36... Nf3 37. Bxe4 Kxe4 {KRN-KR} 38. Re6+ Ne5 39. Rb6 Rd3 40. Rxb5 Rxe3+ 41. Kd2 Rg3 42. Ke2 Rxg4 {( -> ...Rg2+)} 43. Kd2 Rg2+ {Black mates.} 44. Kc1 Nd3+ 45. Kb1 Rg1+ 46. Kc2 Ke3 {Weighted Error Value: White=0.99/Black=0.12 (very precise)} 0-1